[Event "Cap Aurora op 21st"]
[Site "Cap Aurora"]
[Date "2017.06.24"]
[Round "1"]
[White "Bogdan, Dan"]
[Black "Serbanoiu, Constantin"]
[Result "1-0"]
[WhiteElo "2371"]
[BlackElo "1674"]
[PlyCount "77"]
[EventDate "2017.06.24"]
[EventType "swiss"]
[EventRounds "9"]
[EventCountry "ROU"]
[SourceTitle "CBM 179 Extra"]
[Source "ChessBase"]
[SourceDate "2017.08.23"]
[SourceVersion "1"]
[SourceVersionDate "2017.08.23"]
[SourceQuality "1"]

1. c4 c5 2. g3 g6 3. Bg2 Bg7 4. Nc3 Na6 5. e3 Nf6 6. Nge2 0-0 7. 0-0 Nc7 8. e4 e5 9. d3 a6 10. a4 d6 11. h3 Rb8 12. a5 Bd7 13. f4 Nh5 14. f5 Bf6 15. Bh6 Bg7 16. Qd2 Bxh6 17. Qxh6 Qf6 18. g4 Qg7 19. Qd2 Nf6 20. g5 Nh5 21. f6 Qh8 22. Nd5 Nxd5 23. cxd5 Rfc8 24. Kh2 Kf8 25. Bf3 Qg8 26. Bxh5 gxh5 27. Ng3 c4 28. d4 Bb5 29. Rg1 exd4 30. Nf5 c3 31. Qf4 Rd8 32. bxc3 dxc3 33. Rac1 Rd7 34. Nxd6 Rbd8 35. Nf5 Rc8 36. Ne7 Rxe7 37. Qd6 Rcc7 38. Rxc3 Bc6 39. dxc6 1-0